Normal view
MARC view
- نسيبة، حازم زكي؛ تقديم قسطنطين زريق؛ ترجمة عبد اللطبف شرارة؛ مراجعة برهان دجاني
Entry Personal Name
001 - CONTROL NUMBER
- control field: 51835
003 - CONTROL NUMBER IDENTIFIER
- control field: JO-AjAnu
005 - DATE AND TIME OF LATEST TRANSACTION
- control field: 20230606082526.0
008 - FIXED-LENGTH DATA ELEMENTS
- fixed length control field: 230606|| aca||aabn | a|a d
040 ## - CATALOGING SOURCE
- Original cataloging agency: JO-AjAnu
- Transcribing agency: JO-AjAnu
100 ## - HEADING--PERSONAL NAME
- Personal name: نسيبة، حازم زكي؛ تقديم قسطنطين زريق؛ ترجمة عبد اللطبف شرارة؛ مراجعة برهان دجاني
670 ## - SOURCE DATA FOUND
- Source citation: Work cat.: (JO-AjAnu)26494: نسيبة، حازم زكي؛ تقديم قسطنطين زريق؛ ترجمة عبد اللطبف شرارة؛ مراجعة برهان دجاني , author, القومية العربية فكرتها - نشأنها - تطورها